00814nam a2200241Ia 4500001001000000003000500010008004100015010001100056040000900067082002000076100001800096245014200114260009100256300001000347440001800357500004600375650001300421650002600434650004200460650001400502650003900516700001700555Para_7248CHAP220125s1940 xx 000 0 und d a206134 cCHAP aPA-C 636.08 B85 aHodgson, R.E. aThe feeding value of alfalfa hay compared with mixed hay and grass silage asa ration for dairy cattle /c by R.E. Hudyson and J.C. Knott aPullman Washington :b State College of Washington :b Agricultural Experiment Station a27 p. aBulletin; 386 aEncuadernado con otros impresos similares aAlfalfa  aAlfalfa como forraje  aAlimentos y alimentación del ganado aEnsilaje  aGanado x colecciones de escritos  aKnott, J. C.